| 000 | 00794nam a2200253Ia 4500 | ||
|---|---|---|---|
| 003 | OSt | ||
| 005 | 20221006140747.0 | ||
| 006 | a|||||r|||| 00| 0 | ||
| 007 | ta | ||
| 008 | 221006b |||||||| |||| 00| 0 eng d | ||
| 020 | _c1325 | ||
| 024 | _a567 | ||
| 037 |
_b44274/7/2000, 01/08/2000, Select Book Service _cTextual |
||
| 040 |
_aEASL _cEASL _beng |
||
| 041 |
_2eng _aeng |
||
| 082 | _aX.41.N9, P0 | ||
| 100 |
_aCHANG Maria Hsia _9643395 |
||
| 245 | 0 |
_aLabors of Sisyphers _b The economic development of Communist China |
|
| 260 |
_aNew Brunswick _bBurnswick Transaction Publishers _c2000 |
||
| 300 |
_a259p. _ccm. |
||
| 490 | _v CEL | ||
| 942 |
_hX.41.N9, P0 _cTEXL _2CC |
||
| 999 |
_c1068654 _d1068654 |
||